[Event "African Online-ch U20-Open 2021"]
[Site "Online"]
[Date "2021.02.01"]
[Round "4.11"]
[White "Selogelo Othata"]
[Black "Lion, Pierre"]
[Result "1-0"]
[WhiteElo "1725"]
[BlackElo "1586"]
[Annotator "NA RC"]
[PlyCount "143"]
[EventDate "2021.02.01"]
[EventType "swiss"]
[EventCountry "NET"]
[SourceTitle "playchess.com"]
[Source "ChessBase"]
[SourceQuality "1"]
[TimeControl "1500+10"]

1. e4 {[%emt 0:00:00]} c5 {[%emt 0:00:04]} 2. Nf3 {[%emt 0:00:05]} e6 {[%emt 0:00:02]} 3. d4 {[%emt 0:00:02]} cxd4 {[%emt 0:00:02]} 4. Nxd4 {[%emt 0:00:02]} Nc6 {[%emt 0:00:02]} 5. Nc3 {[%emt 0:00:03]} Qc7 {[%emt 0:00:03]} 6. Ndb5 {[%emt 0:00:18]} Qb8 {[%emt 0:00:03]} 7. g3 {[%emt 0:00:04]} a6 {[%emt 0:00:08]} 8. Nd4 {[%emt 0:00:05]} Nf6 {[%emt 0:00:10]} 9. Bg2 {[%emt 0:00:05]} Bc5 {[%emt 0:00:56]} 10. Be3 {[%emt 0:00:32]} Qc7 {[%emt 0:02:02]} 11. Nxe6 {[%emt 0:01:15]} fxe6 {[%emt 0:01:21]} 12. Bxc5 {[%emt 0:00:08]} b5 {[%emt 0:01:58]} 13. Bd6 {[%emt 0:00:22]} Qb6 {[%emt 0:00:01]} 14. e5 {[%emt 0:01:30]} Ng8 {[%emt 0:00:04]} 15. O-O {[%emt 0:02:55]} Nge7 {[%emt 0:00:06]} 16. Bxe7 {[%emt 0:00:22]} Kxe7 {[%emt 0:00:02]} 17. Qd6+ {[%emt 0:00:16]} Kf7 {[%emt 0:00:14]} 18. Bxc6 {[%emt 0:03:07]} dxc6 {[%emt 0:00:47]} 19. Qd3 {[%emt 0:00:16]} Bb7 {[%emt 0:01:14]} 20. Qd7+ {[%emt 0:00:27]} Kf8 {[%emt 0:00:16]} 21. Qxe6 {[%emt 0:00:16]} Re8 {[%emt 0:00:13]} 22. Qf5+ {[%emt 0:00:52]} Kg8 {[%emt 0:00:21]} 23. Ne4 {[%emt 0:01:41]} Bc8 {[%emt 0:00:17]} 24. Qg5 {[%emt 0:01:29]} h6 {[%emt 0:02:35]} 25. Qh5 {[%emt 0:01:43]} Re7 {[%emt 0:01:00]} 26. Rad1 {[%emt 0:01:40]} Be6 {[%emt 0:00:08]} 27. Qg6 {[%emt 0:02:09]} Bf7 {[%emt 0:01:05]} 28. Qd6 {[%emt 0:00:21]} Re8 {[%emt 0:00:04]} 29. Qc5 {[%emt 0:01:25]} Qxc5 {[%emt 0:00:09]} 30. Nxc5 {[%emt 0:00:04]} Rxe5 {[%emt 0:00:01]} 31. Rd8+ {[%emt 0:00:09]} Kh7 {[%emt 0:00:03]} 32. Rxh8+ {[%emt 0:00:03]} Kxh8 {[%emt 0:00:02]} 33. Nb3 {[%emt 0:00:28]} Re2 {[%emt 0:00:06]} 34. Nd4 {[%emt 0:00:23]} Rd2 {[%emt 0:00:10]} 35. Nxc6 {[%emt 0:00:21]} Rxc2 {[%emt 0:00:05]} 36. Nb4 {[%emt 0:00:44]} Rxb2 {[%emt 0:00:03]} 37. Nxa6 {[%emt 0:00:07]} Rxa2 {[%emt 0:00:01]} 38. Nc5 {[%emt 0:00:14]} Rc2 {[%emt 0:00:20]} 39. Na6 {[%emt 0:00:16]} Rc6 {[%emt 0:01:23]} 40. Nb4 {[%emt 0:00:16]} Rc4 {[%emt 0:00:03]} 41. Rb1 {[%emt 0:00:03]} Bg6 {[%emt 0:00:29]} 42. Rb2 {[%emt 0:00:13]} Be4 {[%emt 0:00:03]} 43. f4 {[%emt 0:00:15]} Kg8 {[%emt 0:00:16]} 44. Kf2 {[%emt 0:00:09]} Kf7 {[%emt 0:00:16]} 45. Ke3 {[%emt 0:00:07]} Ke6 {[%emt 0:00:38]} 46. Na6 {[%emt 0:00:36]} Bc6 {[%emt 0:00:16]} 47. Nc7+ {[%emt 0:00:10]} Kf5 {[%emt 0:01:18]} 48. Nxb5 {[%emt 0:00:12]} Bxb5 {[%emt 0:00:59]} 49. Rxb5+ {[%emt 0:00:05]} Kg6 {[%emt 0:00:02]} 50. g4 {[%emt 0:00:44]} Ra4 {[%emt 0:00:09]} 51. h4 {[%emt 0:00:12]} Kf6 {[%emt 0:00:07]} 52. Rb6+ {[%emt 0:00:27]} Kf7 {[%emt 0:00:03]} 53. Rd6 {[%emt 0:00:25]} Rc4 {[%emt 0:00:10]} 54. Rd4 {[%emt 0:00:10]} Rc1 {[%emt 0:00:02]} 55. Rd7+ {[%emt 0:00:12]} Kf6 {[%emt 0:00:06]} 56. h5 {[%emt 0:00:43]} Rg1 {[%emt 0:00:07]} 57. Rd6+ {[%emt 0:00:31]} Kf7 {[%emt 0:00:02]} 58. Rg6 {[%emt 0:00:17]} Re1+ {[%emt 0:00:03]} 59. Kf2 {[%emt 0:00:06]} Re8 {[%emt 0:00:04]} 60. Rb6 {[%emt 0:00:26]} Re4 {[%emt 0:00:10]} 61. Kf3 {[%emt 0:00:03]} Re1 {[%emt 0:00:02]} 62. g5 {[%emt 0:00:17]} hxg5 {[%emt 0:00:07]} 63. fxg5 {[%emt 0:00:07]} Rh1 {[%emt 0:00:08]} 64. Rb7+ {[%emt 0:00:21]} Kf8 {[%emt 0:00:05]} 65. Kg4 {[%emt 0:00:06]} Rg1+ {[%emt 0:00:02]} 66. Kf5 {[%emt 0:00:04]} Ra1 {[%emt 0:00:10]} 67. Kg6 {[%emt 0:00:12]} Ra5 {[%emt 0:03:19]} 68. Rf7+ {[%emt 0:00:50]} Kg8 {[%emt 0:00:03]} 69. Rxg7+ {[%emt 0:00:03]} Kf8 {[%emt 0:00:03]} 70. h6 {[%emt 0:00:21]} Ra6+ {[%emt 0:00:02]} 71. Kh7 {[%emt 0:00:08]} Rb6 {[%emt 0:00:30]} 72. Rc7 {[%emt 0:00:10]} 1-0

[Event "African Online-ch U20-Open 2021"]
[Site "Online"]
[Date "2021.02.01"]
[Round "4.12"]
[White "Spink, Benjamin M"]
[Black "van der Merwe, Alexander"]
[Result "1-0"]
[WhiteElo "2110"]
[BlackElo "1655"]
[Annotator "TA"]
[PlyCount "79"]
[EventDate "2021.02.01"]
[EventType "swiss"]
[EventCountry "NET"]
[SourceTitle "playchess.com"]
[Source "ChessBase"]
[SourceQuality "1"]

{[%evp 18,79,2,-18,49,-16,0,0,0,-37,-29,-21,-33,-30,40,41,86,75,51,20,20,-2,30,0,0,0,72,66,65,63,83,16,18,41,40,34,59,16,14,18,28,0,220,138,2454,1400,1357,1328,29991,29992,29995,29995,29996,29997,29997,29998,29998,29999,29999,29998,29998,29999,29999,29999]} 1. e4 c5 2. Nf3 d6 3. d4 cxd4 4. Nxd4 Nf6 5. Nc3 a6 6. Bc4 e6 7. Bb3 Nbd7 8. O-O Nc5 9. Re1 Be7 10. f4 Qc7 {B86: Sicilian Scheveningen/Najdorf: 6 Bc4, without early ...b5.} (10... O-O $11) 11. f5 (11. e5 $14 dxe5 12. fxe5 (12. Rxe5 O-O $17)) 11... Nxb3 12. axb3 O-O {The position is equal.} 13. Qf3 e5 14. Nde2 b5 15. Bg5 {[#]} b4 $146 ({Better is} 15... Bb7 $11) ({Predecessor:} 15... Bb7 16. Bxf6 Bxf6 17. b4 Qc4 18. Ng3 Bd8 19. Nh5 f6 20. Kh1 Qxb4 21. Rad1 Ba5 {0-1 (34) Kryukova,I (2249)-Wallner,J (2311) Dresden 2018}) 16. Bxf6 $14 Bxf6 17. Nd5 {[%mdl 64] [#] Double Attack} Qd8 18. Ng3 Bb7 19. Red1 Bh4 (19... Bxd5 $5 20. exd5 (20. Rxd5 Rc8 $11) 20... e4 21. Nxe4 Bxb2 $11) 20. f6 Bxd5 21. fxg7 Re8 (21... Qb6+ $11 22. Kh1 Rfc8 23. Rxd5 Bxg3 24. Qxg3 Rxc2) 22. Rxd5 $16 {Black must now prevent Nf5.} Bxg3 23. Qxg3 Rc8 24. Rxa6 (24. Rd2 $16) 24... Rxc2 $11 25. Raxd6 $40 {[%mdl 128] White is up to no good.} Rc1+ 26. Kf2 Qc7 27. Rxe5 {[%cal Re5e8]} Qc2+ 28. Ke3 {[%cal Re5e8]} Rc8 29. Red5 Qc7 (29... Re8 $11 {and Black stays safe.} 30. Re5 Rc8) 30. Qg5 Qa7+ $2 {[%mdl 8192] Loses the game.} (30... Re8 $16) 31. Kf3 {Threatening mate with Rd8+.} Rf1+ 32. Kg4 {Rd8+ would kill now.} h5+ 33. Kxh5 {White mates.} Re8 34. Qh6 {[%csl Gg7][%cal Rh6h8]} f5 35. Qh8+ Kf7 {[#]} 36. Qxe8+ $3 {[%mdl 576] Remove Defender, Deflection, Promotion} Kxe8 (36... Kxg7 37. Rg6+) 37. g8=Q+ Ke7 38. Qe6+ Kf8 39. Rd8+ Kg7 40. R5d7+ {Weighted Error Value: White=0.23/Black=0.49} 1-0

[Event "African Online-ch U20-Open 2021"]
[Site "Online"]
[Date "2021.02.01"]
[Round "4.13"]
[White "Ben Abbes, Ayoub"]
[Black "Shah, Darshan Samir"]
[Result "1-0"]
[WhiteElo "1481"]
[BlackElo "1502"]
[Annotator "NA RC"]
[PlyCount "53"]
[EventDate "2021.02.01"]
[EventType "swiss"]
[EventCountry "NET"]
[SourceTitle "playchess.com"]
[Source "ChessBase"]
[SourceQuality "1"]
[TimeControl "1500+10"]

1. e4 {[%emt 0:00:00]} d6 {[%emt 0:00:19]} 2. d4 {[%emt 0:00:06]} Nc6 {[%emt 0:00:09]} 3. c3 {[%emt 0:00:04]} Nf6 {[%emt 0:00:28]} 4. Bd3 {[%emt 0:00:04]} g6 {[%emt 0:00:10]} 5. h3 {[%emt 0:00:06]} Bg7 {[%emt 0:00:06]} 6. Nf3 {[%emt 0:00:30]} O-O {[%emt 0:00:09]} 7. Bg5 {[%emt 0:00:09]} Nb8 {[%emt 0:01:12]} 8. O-O {[%emt 0:00:09]} c5 {[%emt 0:00:24]} 9. d5 {[%emt 0:00:30]} Nbd7 {[%emt 0:00:06]} 10. Na3 {[%emt 0:00:15]} a6 {[%emt 0:00:21]} 11. Re1 {[%emt 0:01:22]} h6 {[%emt 0:00:18]} 12. Bf4 {[%emt 0:00:18]} Nb6 {[%emt 0:00:48]} 13. Qd2 {[%emt 0:00:16]} e5 {[%emt 0:00:35]} 14. Bxh6 {[%emt 0:00:37]} Bd7 {[%emt 0:00:53]} 15. Bg5 {[%emt 0:00:13]} Qc8 {[%emt 0:00:49]} 16. Nh2 {[%emt 0:01:03]} Kh7 {[%emt 0:01:02]} 17. f4 {[%emt 0:00:32]} Rh8 {[%emt 0:02:34]} 18. fxe5 {[%emt 0:00:06]} dxe5 {[%emt 0:00:04]} 19. Rf1 {[%emt 0:00:05]} Ne8 {[%emt 0:01:34]} 20. Rxf7 {[%emt 0:00:11]} Nd6 {[%emt 0:00:21]} 21. Re7 {[%emt 0:00:31]} Qc7 {[%emt 0:02:20]} 22. Rf1 {[%emt 0:00:15]} Nbc8 {[%emt 0:00:08]} 23. Rxg7+ {[%emt 0:00:15]} Kxg7 {[%emt 0:00:06]} 24. Bf6+ {[%emt 0:01:03]} Kh7 {[%emt 0:00:23]} 25. Bxh8 {[%emt 0:00:16]} Kxh8 {[%emt 0:00:03]} 26. Qh6+ {[%emt 0:00:04]} Kg8 {[%emt 0:00:06]} 27. Rf8# {[%emt 0:00:06]} 1-0

[Event "African Online-ch U20-Open 2021"]
[Site "Online"]
[Date "2021.02.01"]
[Round "4.14"]
[White "Meise, Keagen"]
[Black "Machinya Desire"]
[Result "0-1"]
[WhiteElo "1200"]
[BlackElo "1638"]
[Annotator "NA RC"]
[PlyCount "82"]
[EventDate "2021.02.01"]
[EventType "swiss"]
[EventCountry "NET"]
[SourceTitle "playchess.com"]
[Source "ChessBase"]
[SourceQuality "1"]
[TimeControl "1500+10"]

1. d4 {[%emt 0:00:00]} Nf6 {[%emt 0:00:18]} 2. c4 {[%emt 0:00:04]} g6 {[%emt 0:00:11]} 3. Nc3 {[%emt 0:00:03]} d5 {[%emt 0:00:05]} 4. cxd5 {[%emt 0:00:02]} Nxd5 {[%emt 0:00:10]} 5. e4 {[%emt 0:00:02]} Nxc3 {[%emt 0:00:17]} 6. bxc3 {[%emt 0:00:02]} Bg7 {[%emt 0:00:13]} 7. Nf3 {[%emt 0:00:08]} c5 {[%emt 0:00:05]} 8. Bd2 {[%emt 0:00:07]} cxd4 {[%emt 0:00:12]} 9. cxd4 {[%emt 0:00:09]} Bg4 {[%emt 0:00:04]} 10. Bb5+ {[%emt 0:00:18]} Nd7 {[%emt 0:00:17]} 11. Be3 {[%emt 0:00:16]} Qa5+ {[%emt 0:00:06]} 12. Qd2 {[%emt 0:00:28]} Qxb5 {[%emt 0:00:04]} 13. a4 {[%emt 0:00:18]} Qa6 {[%emt 0:00:10]} 14. Ng1 {[%emt 0:00:49]} Nb6 {[%emt 0:00:28]} 15. f3 {[%emt 0:00:18]} Bd7 {[%emt 0:00:08]} 16. a5 {[%emt 0:00:19]} Nc4 {[%emt 0:00:04]} 17. Qe2 {[%emt 0:00:20]} Nxe3 {[%emt 0:00:03]} 18. Qxe3 {[%emt 0:00:01]} Rd8 {[%emt 0:00:06]} 19. Ne2 {[%emt 0:00:27]} Bb5 {[%emt 0:00:08]} 20. Rc1 {[%emt 0:01:03]} Qxa5+ {[%emt 0:00:11]} 21. Kf2 {[%emt 0:00:06]} Bxe2 {[%emt 0:00:06]} 22. Qxe2 {[%emt 0:00:38]} Bxd4+ {[%emt 0:00:05]} 23. Kf1 {[%emt 0:00:06]} O-O {[%emt 0:00:14]} 24. Rd1 {[%emt 0:00:17]} Bg7 {[%emt 0:00:09]} 25. Rb1 {[%emt 0:00:33]} b6 {[%emt 0:00:08]} 26. h3 {[%emt 0:00:20]} Rd2 {[%emt 0:00:04]} 27. Qe3 {[%emt 0:00:13]} Rfd8 {[%emt 0:00:06]} 28. Qb3 {[%emt 0:00:22]} Qa6+ {[%emt 0:00:13]} 29. Qb5 {[%emt 0:00:06]} Qxb5+ {[%emt 0:00:20]} 30. Rxb5 {[%emt 0:00:07]} Rd1+ {[%emt 0:00:02]} 31. Kf2 {[%emt 0:00:01]} R8d2+ {[%emt 0:00:05]} 32. Ke3 {[%emt 0:00:17]} Bd4+ {[%emt 0:00:08]} 33. Kf4 {[%emt 0:00:01]} Rxh1 {[%emt 0:00:02]} 34. g4 {[%emt 0:00:08]} e5+ {[%emt 0:00:11]} 35. Kg5 {[%emt 0:00:04]} Rxh3 {[%emt 0:00:08]} 36. Kf6 {[%emt 0:00:02]} Rxf3+ {[%emt 0:00:03]} 37. Ke7 {[%emt 0:00:02]} Bc5+ {[%emt 0:00:04]} 38. Ke8 {[%emt 0:00:04]} Rfd3 {[%emt 0:00:07]} 39. Rxc5 {[%emt 0:00:10]} bxc5 {[%emt 0:00:03]} 40. g5 {[%emt 0:00:02]} Kg7 {[%emt 0:00:11]} 41. Ke7 {[%emt 0:00:09]} Rd7+ {[%emt 0:00:06]} 0-1

[Event "African Online-ch U20-Open 2021"]
[Site "Online"]
[Date "2021.02.01"]
[Round "4.15"]
[White "Ofile Masilo"]
[Black "Palmer, Reegan"]
[Result "1-0"]
[WhiteElo "1457"]
[BlackElo "1325"]
[Annotator "NA RC"]
[PlyCount "111"]
[EventDate "2021.02.01"]
[EventType "swiss"]
[EventCountry "NET"]
[SourceTitle "playchess.com"]
[Source "ChessBase"]
[SourceQuality "1"]
[TimeControl "1500+10"]

1. d4 {[%emt 0:03:49]} d5 {[%emt 0:00:06]} 2. c4 {[%emt 0:00:04]} e6 {[%emt 0:00:02]} 3. Nc3 {[%emt 0:00:04]} Nf6 {[%emt 0:00:02]} 4. cxd5 {[%emt 0:00:03]} exd5 {[%emt 0:00:03]} 5. Bg5 {[%emt 0:00:05]} Be7 {[%emt 0:00:02]} 6. e3 {[%emt 0:00:07]} Nbd7 {[%emt 0:00:05]} 7. Bd3 {[%emt 0:00:07]} b6 {[%emt 0:00:10]} 8. Nge2 {[%emt 0:00:30]} Bb7 {[%emt 0:00:02]} 9. Rc1 {[%emt 0:00:12]} O-O {[%emt 0:00:06]} 10. O-O {[%emt 0:00:06]} c5 {[%emt 0:00:14]} 11. b3 {[%emt 0:01:10]} Rc8 {[%emt 0:01:17]} 12. Bf4 {[%emt 0:01:29]} Ne4 {[%emt 0:00:36]} 13. f3 {[%emt 0:02:18]} Nxc3 {[%emt 0:00:38]} 14. Nxc3 {[%emt 0:00:16]} Bg5 {[%emt 0:00:49]} 15. Bxg5 {[%emt 0:01:24]} Qxg5 {[%emt 0:00:03]} 16. f4 {[%emt 0:00:12]} Qf6 {[%emt 0:00:21]} 17. Qg4 {[%emt 0:02:34]} Qe6 {[%emt 0:01:48]} 18. Qxe6 {[%emt 0:00:50]} fxe6 {[%emt 0:00:02]} 19. Nb5 {[%emt 0:00:38]} Ba6 {[%emt 0:00:40]} 20. a4 {[%emt 0:01:06]} Nf6 {[%emt 0:02:03]} 21. g3 {[%emt 0:02:01]} Rfd8 {[%emt 0:01:25]} 22. Rfd1 {[%emt 0:00:42]} Bxb5 {[%emt 0:00:11]} 23. Bxb5 {[%emt 0:00:10]} Ne8 {[%emt 0:00:12]} 24. dxc5 {[%emt 0:00:24]} bxc5 {[%emt 0:00:14]} 25. Bxe8 {[%emt 0:00:51]} Rxe8 {[%emt 0:00:02]} 26. Rc2 {[%emt 0:00:07]} Re7 {[%emt 0:00:08]} 27. Rdc1 {[%emt 0:00:07]} Rec7 {[%emt 0:00:02]} 28. Kf2 {[%emt 0:00:08]} Kf7 {[%emt 0:00:02]} 29. Kf3 {[%emt 0:00:05]} h5 {[%emt 0:00:22]} 30. h3 {[%emt 0:00:19]} Kf6 {[%emt 0:00:06]} 31. g4 {[%emt 0:00:05]} hxg4+ {[%emt 0:00:19]} 32. hxg4 {[%emt 0:00:03]} g5 {[%emt 0:00:02]} 33. Rh1 {[%emt 0:01:04]} gxf4 {[%emt 0:00:31]} 34. exf4 {[%emt 0:00:27]} Rb7 {[%emt 0:00:08]} 35. g5+ {[%emt 0:00:19]} Kf5 {[%emt 0:00:32]} 36. Rc3 {[%emt 0:01:40]} Rcb8 {[%emt 0:00:35]} 37. Rh6 {[%emt 0:00:17]} Rf7 {[%emt 0:00:35]} 38. Re3 {[%emt 0:00:20]} Rxb3 {[%emt 0:00:21]} 39. Rxb3 {[%emt 0:00:06]} e5 {[%emt 0:00:07]} 40. Rf6+ {[%emt 0:00:19]} Rxf6 {[%emt 0:00:02]} 41. gxf6 {[%emt 0:00:03]} Kxf6 {[%emt 0:00:01]} 42. fxe5+ {[%emt 0:00:22]} Kxe5 {[%emt 0:00:02]} 43. Rb1 {[%emt 0:00:12]} Kd4 {[%emt 0:00:02]} 44. Rd1+ {[%emt 0:00:06]} Kc4 {[%emt 0:00:01]} 45. Ke3 {[%emt 0:00:04]} d4+ {[%emt 0:00:51]} 46. Kd2 {[%emt 0:00:15]} Kb4 {[%emt 0:00:07]} 47. Rb1+ {[%emt 0:00:19]} Kc4 {[%emt 0:00:30]} 48. Rc1+ {[%emt 0:00:36]} Kb4 {[%emt 0:00:07]} 49. Kd3 {[%emt 0:00:06]} Kb3 {[%emt 0:00:33]} 50. Rxc5 {[%emt 0:00:28]} Kxa4 {[%emt 0:00:06]} 51. Rc1 {[%emt 0:00:12]} a5 {[%emt 0:00:02]} 52. Kxd4 {[%emt 0:00:31]} Kb3 {[%emt 0:00:02]} 53. Rb1+ {[%emt 0:00:09]} Ka2 {[%emt 0:00:02]} 54. Rb5 {[%emt 0:00:04]} a4 {[%emt 0:00:01]} 55. Kc3 {[%emt 0:00:33]} a3 {[%emt 0:00:09]} 56. Ra5 {[%emt 0:00:42]} 1-0

[Event "African Online-ch U20-Open 2021"]
[Site "Online"]
[Date "2021.02.01"]
[Round "4.16"]
[White "Masaiti, Gideon"]
[Black "Fourie, Brandon"]
[Result "0-1"]
[WhiteElo "1442"]
[BlackElo "1583"]
[Annotator "NA RC"]
[PlyCount "46"]
[EventDate "2021.02.01"]
[EventType "swiss"]
[EventCountry "NET"]
[SourceTitle "playchess.com"]
[Source "ChessBase"]
[SourceQuality "1"]
[TimeControl "1500+10"]

1. e4 {[%emt 0:00:00]} c5 {[%emt 0:00:04]} 2. Nf3 {[%emt 0:00:05]} Nc6 {[%emt 0:00:01]} 3. d4 {[%emt 0:00:04]} cxd4 {[%emt 0:00:01]} 4. Nxd4 {[%emt 0:00:03]} Nf6 {[%emt 0:00:01]} 5. Nc3 {[%emt 0:00:05]} e5 {[%emt 0:00:02]} 6. Nb3 {[%emt 0:00:03]} Bb4 {[%emt 0:00:07]} 7. f3 {[%emt 0:00:26]} d5 {[%emt 0:04:29]} 8. Bb5 {[%emt 0:01:46]} O-O {[%emt 0:04:05]} 9. Bxc6 {[%emt 0:00:44]} bxc6 {[%emt 0:00:28]} 10. Bg5 {[%emt 0:04:01]} h6 {[%emt 0:03:38]} 11. Bxf6 {[%emt 0:00:53]} Qxf6 {[%emt 0:00:17]} 12. exd5 {[%emt 0:00:25]} Ba6 {[%emt 0:04:11]} 13. a3 {[%emt 0:01:18]} Bxc3+ {[%emt 0:01:32]} 14. bxc3 {[%emt 0:00:06]} Rad8 {[%emt 0:00:34]} 15. Kf2 {[%emt 0:06:21]} Rxd5 {[%emt 0:01:59]} 16. Qe1 {[%emt 0:02:57]} e4 {[%emt 0:01:57]} 17. Qxe4 {[%emt 0:01:06]} Re5 {[%emt 0:00:41]} 18. Qd4 {[%emt 0:00:34]} Rd8 {[%emt 0:00:04]} 19. Qg4 {[%emt 0:03:27]} h5 {[%emt 0:00:44]} 20. Qb4 {[%emt 0:01:44]} Re2+ {[%emt 0:00:40]} 21. Kg1 {[%emt 0:01:14]} Qg5 {[%emt 0:00:39]} 22. g3 {[%emt 0:01:05]} Qe3+ {[%emt 0:00:07]} 23. Kf1 {[%emt 0:00:10]} Qf2# {[%emt 0:00:07]} 0-1

[Event "African Online-ch U20-Open 2021"]
[Site "Online"]
[Date "2021.02.01"]
[Round "4.18"]
[White "Sparg, Nathan"]
[Black "Dutt Dakshesh"]
[Result "1-0"]
[WhiteElo "1413"]
[BlackElo "1549"]
[Annotator "NA RC"]
[PlyCount "123"]
[EventDate "2021.02.01"]
[EventType "swiss"]
[EventCountry "NET"]
[SourceTitle "playchess.com"]
[Source "ChessBase"]
[SourceQuality "1"]
[TimeControl "1500+10"]

1. d4 {[%emt 0:00:00]} d5 {[%emt 0:00:05]} 2. c4 {[%emt 0:00:04]} e6 {[%emt 0:00:03]} 3. Nf3 {[%emt 0:00:05]} Nf6 {[%emt 0:00:07]} 4. Nc3 {[%emt 0:00:06]} c5 {[%emt 0:00:16]} 5. cxd5 {[%emt 0:00:43]} exd5 {[%emt 0:00:07]} 6. Bg5 {[%emt 0:00:48]} Be6 {[%emt 0:01:06]} 7. e4 {[%emt 0:01:55]} dxe4 {[%emt 0:02:09]} 8. Bxf6 {[%emt 0:03:00]} Qxf6 {[%emt 0:00:59]} 9. Nxe4 {[%emt 0:00:12]} Qd8 {[%emt 0:01:15]} 10. dxc5 {[%emt 0:01:30]} Qa5+ {[%emt 0:02:26]} 11. Qd2 {[%emt 0:00:42]} Qc7 {[%emt 0:00:33]} 12. Rd1 {[%emt 0:02:05]} Nc6 {[%emt 0:02:52]} 13. Bb5 {[%emt 0:00:49]} a6 {[%emt 0:00:53]} 14. Nd6+ {[%emt 0:02:52]} Bxd6 {[%emt 0:00:35]} 15. cxd6 {[%emt 0:00:04]} Qd7 {[%emt 0:00:11]} 16. Ne5 {[%emt 0:00:51]} Qd8 {[%emt 0:01:48]} 17. Bxc6+ {[%emt 0:00:32]} bxc6 {[%emt 0:00:10]} 18. d7+ {[%emt 0:00:25]} Kf8 {[%emt 0:00:34]} 19. Qd6+ {[%emt 0:00:39]} Kg8 {[%emt 0:00:09]} 20. Nxc6 {[%emt 0:00:30]} Qxd7 {[%emt 0:04:51]} 21. Qxd7 {[%emt 0:01:39]} Bxd7 {[%emt 0:00:17]} 22. Rxd7 {[%emt 0:00:07]} g6 {[%emt 0:00:13]} 23. O-O {[%emt 0:01:28]} Kg7 {[%emt 0:00:06]} 24. Ne5 {[%emt 0:00:20]} Rhf8 {[%emt 0:00:13]} 25. Rfd1 {[%emt 0:00:29]} Rae8 {[%emt 0:00:15]} 26. Nc4 {[%emt 0:00:18]} Re2 {[%emt 0:00:11]} 27. R7d2 {[%emt 0:01:27]} Rfe8 {[%emt 0:00:28]} 28. Kf1 {[%emt 0:00:16]} R2e4 {[%emt 0:00:14]} 29. Nd6 {[%emt 0:00:04]} R8e5 {[%emt 0:00:26]} 30. Nxe4 {[%emt 0:00:06]} Rxe4 {[%emt 0:00:01]} 31. f3 {[%emt 0:00:04]} Rb4 {[%emt 0:00:04]} 32. Rc1 {[%emt 0:00:10]} Rb6 {[%emt 0:00:07]} 33. Rc7 {[%emt 0:00:04]} h5 {[%emt 0:00:14]} 34. Rdd7 {[%emt 0:00:05]} Rf6 {[%emt 0:00:03]} 35. Kf2 {[%emt 0:00:07]} Kg8 {[%emt 0:00:08]} 36. Ra7 {[%emt 0:00:08]} h4 {[%emt 0:00:07]} 37. Rd8+ {[%emt 0:00:05]} Kg7 {[%emt 0:00:04]} 38. Rda8 {[%emt 0:00:05]} Rb6 {[%emt 0:00:06]} 39. b3 {[%emt 0:00:05]} Rc6 {[%emt 0:00:01]} 40. Ke3 {[%emt 0:00:42]} Re6+ {[%emt 0:00:06]} 41. Kf4 {[%emt 0:00:42]} Re2 {[%emt 0:00:09]} 42. g3 {[%emt 0:00:04]} h3 {[%emt 0:00:05]} 43. g4 {[%emt 0:00:15]} Rxh2 {[%emt 0:00:03]} 44. Kg3 {[%emt 0:00:08]} Rh1 {[%emt 0:00:04]} 45. Rxa6 {[%emt 0:00:08]} Kh6 {[%emt 0:00:05]} 46. Rh8+ {[%emt 0:00:04]} Kg7 {[%emt 0:00:08]} 47. Rxh3 {[%emt 0:00:02]} Rg1+ {[%emt 0:00:01]} 48. Kf2 {[%emt 0:00:02]} Rb1 {[%emt 0:00:03]} 49. f4 {[%emt 0:00:07]} Rb2+ {[%emt 0:00:05]} 50. Ke3 {[%emt 0:00:02]} Rc2 {[%emt 0:00:04]} 51. Kd4 {[%emt 0:00:02]} Rd2+ {[%emt 0:00:02]} 52. Rd3 {[%emt 0:00:02]} Rc2 {[%emt 0:00:04]} 53. b4 {[%emt 0:00:05]} Kf8 {[%emt 0:00:07]} 54. b5 {[%emt 0:00:06]} Ke8 {[%emt 0:00:02]} 55. b6 {[%emt 0:00:03]} Kd8 {[%emt 0:00:02]} 56. Ra8+ {[%emt 0:00:09]} Kd7 {[%emt 0:00:06]} 57. b7 {[%emt 0:00:01]} Rxa2 {[%emt 0:00:10]} 58. Rxa2 {[%emt 0:00:04]} Kc7 {[%emt 0:00:02]} 59. Rb2 {[%emt 0:00:04]} Kb8 {[%emt 0:00:02]} 60. Rc3 {[%emt 0:00:05]} f6 {[%emt 0:00:02]} 61. Rc8+ {[%emt 0:00:03]} Ka7 {[%emt 0:03:50]} 62. Ra8# {[%emt 0:00:03]} 1-0

[Event "African Online-ch U20-Open 2021"]
[Site "Online"]
[Date "2021.02.01"]
[Round "4.21"]
[White "George Samir, David"]
[Black "Tong, William M"]
[Result "1-0"]
[WhiteElo "1775"]
[BlackElo "1985"]
[Annotator "TA"]
[PlyCount "37"]
[EventDate "2021.02.01"]
[EventType "swiss"]
[EventCountry "NET"]
[SourceTitle "playchess.com"]
[Source "ChessBase"]
[SourceQuality "1"]

{[%evp 23,37,0,1,-6,253,232,250,230,349,342,683,673,29989,29990,2781,1114]} 1. e4 c5 2. Nf3 Nc6 3. d4 cxd4 4. Nxd4 Nf6 5. Nc3 e5 6. Ndb5 d6 7. Bg5 a6 8. Na3 b5 {[%cal Bb7b5,Bb5b4][%mdl 32]} 9. Nd5 Be7 10. Bxf6 Bxf6 11. c4 b4 12. Nc2 a5 13. h4 {[%mdl 64] [#] Deflection. B33: Sicilian: Pelikan and Sveshnikov Variations.} Bxh4 $146 {[%mdl 8192] [#]} (13... Rb8 $11 {and Black has nothing to worry.}) ({Predecessor:} 13... h5 14. g3 Bg4 15. Be2 Bxe2 16. Qxe2 g6 17. Rd1 Bg7 18. O-O O-O 19. Qd3 Nd4 20. Nxd4 exd4 {1-0 (43) Alekseev,E (2626)-Hamitevici,V (2461) chess.com INT 2020}) 14. Rxh4 $1 $18 {[%mdl 512]} Qxh4 15. Nc7+ {[%cal Bd5c7,Bc7a8,Ba8c7][%mdl 96] Double Attack, Discovered Attack. White is clearly better.} Kd7 (15... Ke7 $142) 16. Nxa8 Qd8 $2 (16... Qxe4+ 17. Ne3 Ke7) 17. c5 Bb7 18. Qxd6+ Ke8 19. Nc7+ {White took control after the opening.  Weighted Error Value: White=0.02/Black=2.36} 1-0